| 000 | 00998cam a22003375a 4500 | ||
|---|---|---|---|
| 001 | 017847637 | ||
| 003 | OSt | ||
| 005 | 20180401130205.0 | ||
| 008 | 151101t2016 enka frb 001 0 eng d | ||
| 015 |
_aGBB6C9134 _2bnb |
||
| 016 | 7 |
_a017847637 _2Uk |
|
| 020 | _a9781473709263 (pbk.) | ||
| 020 | _a1473709261 (pbk.) | ||
| 035 | _a(UkOxU)020647100 | ||
| 035 | _a(UK-WkNB)9781473709263 | ||
| 035 | _a(StEdALDL)1/3429625 | ||
| 040 |
_aUK-WkNB _beng _cUK-WkNB _dUkOxU _dUk _dEG-ScBUE |
||
| 082 | 0 | 4 |
_a338.5 _bHIR _222 |
| 100 | 1 |
_aHirschey, Mark. _936536 |
|
| 245 | 1 | 0 |
_aManagerial economics / _cMark Hirschey, Eric Bentzen. |
| 250 | _a14th ed. | ||
| 260 |
_aHampshire : _bCengage Learning EMEA, _cc.2016. |
||
| 300 |
_axviii, 814 p. : _bill. ; _c26 cm. |
||
| 504 | _aIncludes bibliographical references and index. | ||
| 650 | 7 |
_aManagerial economics. _2BUEsh |
|
| 651 | _2BUEsh | ||
| 653 |
_bBUSECO _cApril2018 |
||
| 655 |
_vReading book _934232 |
||
| 700 | 1 | _aBentzen, Eric. | |
| 942 | _2ddc | ||
| 999 |
_c26443 _d26415 |
||